[Event "Piemonte-ch"]
[Site "Turin"]
[Date "2008.04.27"]
[Round "9"]
[White "Medaglia, Enzo"]
[Black "Fassio, Francesco"]
[Result "1-0"]
[WhiteElo "1820"]
[BlackElo "1710"]
[PlyCount "67"]
[EventDate "2008.04.20"]
[EventType "swiss"]
[EventRounds "9"]
[EventCountry "ITA"]
[SourceTitle "EXT 2011"]
[Source "ChessBase"]
[SourceDate "2010.11.26"]
[SourceVersion "1"]
[SourceVersionDate "2010.11.26"]
[SourceQuality "1"]

1. e4 e5 2. Nf3 Nf6 3. Nc3 Nc6 4. d3 Bb4 5. a3 Ba5 6. b4 Bb6 7. Na4 d6 8. Nxb6 axb6 9. Be2 h6 10. 0-0 0-0 11. b5 Ne7 12. h3 Ng6 13. Ne1 Nd7 14. c3 Nc5 15. Qc2 Be6 16. Rb1 f5 17. exf5 Bxf5 18. Bf3 d5 19. g4 Bxd3 20. Nxd3 Nxd3 21. Qxd3 e4 22. Bxe4 dxe4 23. Qxe4 Nh4 24. f4 Re8 25. Qc4+ Kh8 26. Qd4 Qe7 27. Qf2 Qe4 28. Rb4 Qe7 29. f5 Qf6 30. Bb2 Qg5 31. Rf4 Rad8 32. c4 Rd3 33. f6 gxf6 34. Bxf6+ 1-0

[Event "Piemonte-ch"]
[Site "Turin"]
[Date "2008.04.26"]
[Round "8"]
[White "Fassio, Francesco"]
[Black "Carnino, Luca"]
[Result "0-1"]
[WhiteElo "1710"]
[BlackElo "1849"]
[PlyCount "60"]
[EventDate "2008.04.20"]
[EventType "swiss"]
[EventRounds "9"]
[EventCountry "ITA"]
[SourceTitle "EXT 2011"]
[Source "ChessBase"]
[SourceDate "2010.11.26"]
[SourceVersion "1"]
[SourceVersionDate "2010.11.26"]
[SourceQuality "1"]

1. c4 Nf6 2. Nc3 g6 3. g3 Bg7 4. Bg2 0-0 5. Rb1 c6 6. Nf3 d6 7. 0-0 e5 8. d3 Qe8 9. Nd2 Be6 10. b4 Qd7 11. b5 Bh3 12. bxc6 bxc6 13. Ba3 Bxg2 14. Kxg2 c5 15. f3 Nc6 16. Nde4 Ne8 17. Qa4 h6 18. Nd5 f5 19. Nxc5 dxc5 20. Nb6 axb6 21. Qxa8 Nc7 22. Qa4 Ra8 23. Qb3 Nd4 24. Qb2 Nce6 25. e3 Nxf3 26. Qb3 Nd2 27. Qxb6 Nxb1 28. Bxc5 Rxa2+ 29. Kg1 Nxc5 30. Qxc5 Qb7 0-1

[Event "Piemonte-ch"]
[Site "Turin"]
[Date "2008.04.25"]
[Round "6"]
[White "Fassio, Francesco"]
[Black "Angioni, Gian Carlo"]
[Result "0-1"]
[WhiteElo "1710"]
[BlackElo "1825"]
[PlyCount "104"]
[EventDate "2008.04.20"]
[EventType "swiss"]
[EventRounds "9"]
[EventCountry "ITA"]
[SourceTitle "EXT 2011"]
[Source "ChessBase"]
[SourceDate "2010.11.26"]
[SourceVersion "1"]
[SourceVersionDate "2010.11.26"]
[SourceQuality "1"]

1. c4 c5 2. Nc3 Nf6 3. g3 Nc6 4. Bg2 g6 5. a3 Bg7 6. Rb1 0-0 7. b4 cxb4 8. axb4 Qc7 9. b5 Ne5 10. d3 d6 11. Nh3 Bxh3 12. Bxh3 Rad8 13. Bg2 Ned7 14. 0-0 Nb6 15. Be3 Nc8 16. Bd4 e6 17. Qb3 b6 18. Rfc1 Ne7 19. Ne4 Nxe4 20. Bxg7 Kxg7 21. Bxe4 Qd7 22. Bg2 e5 23. e3 f5 24. Qb2 Qe6 25. Ra1 Rd7 26. h4 h5 27. Ra2 Rc7 28. Rca1 Nc8 29. Bd5 Qd7 30. f4 Kh7 31. Qb1 Qg7 32. Qb4 Rd8 33. Qb2 Re8 34. Bg2 Ree7 35. Rc1 Qf6 36. Rc2 Rg7 37. Ra1 Ne7 38. Rac1 Ng8 39. fxe5 dxe5 40. d4 e4 41. c5 bxc5 42. dxc5 Qd8 43. Bf1 Nf6 44. b6 axb6 45. cxb6 Rxc2 46. Rxc2 Rb7 47. Rc6 Nd5 48. Qd4 Rd7 49. Qc5 Qb8 50. Ba6 Qxg3+ 51. Kf1 Nxe3+ 52. Ke2 Qf3+ 0-1